Zufällige Hauptstadt Afrikas zu Land - Statistiken

Allgemein
  • Dieses Quiz wurde 743 mal gespielt
  • Das Durchschnittsergebnis liegt bei 8 aus 10
Antwortstatistiken
Hauptstadt Land % Korrekt
Kairo Ägypten
100%
Algier Algerien
100%
Bissau Guinea-Bissau
100%
Rabat Marokko
100%
São Tomé São Tomé und Príncipe
100%
Tunis Tunesien
100%
Nairobi Kenia
95%
Brazzaville Republik Kongo
93%
Pretoria, Kapstadt, und Bloemfontein Südafrika
93%
Tripolis Libyen
91%
Antananarivo Madagaskar
91%
Addis Abeba Äthiopien
90%
Maseru Lesotho
90%
Windhoek Namibia
90%
Accra Ghana
88%
Dakar Senegal
88%
Dschibuti Dschibuti
87%
Kinshasa Demokratische Republik Kongo
86%
Moroni Komoren
86%
Yamoussoukro Elfenbeinküste
83%
Niamey Niger
83%
Abuja Nigeria
83%
Mogadischu Somalia
82%
Khartum Sudan
80%
Victoria Seychellen
79%
N'Djamena Tschad
79%
Conakry Guinea
74%
Freetown Sierra Leone
74%
Port Louis Mauritius
73%
Juba Südsudan
72%
Ouagadougou Burkina Faso
71%
Gitega Burundi
71%
Mbabane Eswatini
71%
Libreville Gabun
71%
Luanda Angola
70%
Kigali Ruanda
70%
Asmara Eritrea
69%
Kampala Uganda
68%
Nouakchott Mauretanien
67%
Harare Simbabwe
67%
Praia Kap Verde
65%
Maputo Mosambik
65%
Jaunde Kamerun
64%
Monrovia Liberia
63%
Lomé Togo
63%
Dodoma Tansania
60%
Malabo Äquatorial-Guinea
57%
Gaborone Botswana
57%
Porto-Novo | Cotonou Benin
50%
Banjul Gambia
50%
Bangui Zentralafrikanische Republik
50%
Bamako Mali
48%
Lilongwe Malawi
45%
Lusaka Sambia
45%
Keine übereinstimmenden Quizze gefunden
Verteilung der Resultate
Anzahl Personen mit jedem Resultat
Perzentil nach korrekt beantworteten Fragen
Ihre Resultats-Entwicklung
Sie haben dieses Quiz noch nicht gespielt